| 000 | 00472nam a2200169Ia 4500 | ||
|---|---|---|---|
| 999 |
_c12826 _d12826 |
||
| 003 | OSt | ||
| 005 | 20201028120250.0 | ||
| 008 | 190216s9999||||xx |||||||||||||| ||und|| | ||
| 040 | _coclc | ||
| 082 |
_a823.91 _bGOR/D |
||
| 100 |
_aGordon, Richard _95723 |
||
| 245 | 0 |
_aDoctor At Large / _cRichard Gordon |
|
| 260 |
_bPenguin Books, _c1961. _aLondon: |
||
| 300 | _a206p | ||
| 650 | _aEnglish Novel | ||
| 942 |
_cBK _2ddc _h823.91 _iGOR/D _k823.91 _mGOR/D |
||